000
00303nam a2200145Ia 4500
100
_a
Hughes &hughes
650
_a
General
942
_c
BK
245
_a
Education
260
_b
English language book society
_a
London
_c
1965
082
_a
370
_b
Hug
300
_a
296
546
_a
ENGLISH
999
_c
30829
_d
30829